Datum a čas kvízu
33
Celkem bodů
Celkový počet nahraných bodů na tomto kvízu bez doplňovacích otázek.
2.
Pořadí na kvízu
Konečné umístění týmu na tomto kvízu.
Zaznamenané odpovědi
| # | Otázka | Odpověď | Body | Výsledky |
|---|---|---|---|---|
| 1. | Minulý týden byla představena... | na Ještěd | 1 | |
| 2. | Britský královský pár minulou... | Řím | 0 | |
| 3. | Minulý týden byl představen tr... | Mission Impossible; Poslední zúčtování/ The Final Reckoning | 0.5 | |
| 4. | Americká genetická společnost... | Hra o trůny, pravlk | 0.5 | |
| 5. | Ve středu začalo hokejové mist... | České Budějovice | 1 | |
| 6. | Termín Velikonoc, tedy neděle... | v Turecku | 1 | |
| 7. | S Velikonocemi je spojena řada... | o kříž | 1 | |
| 8. | Velký pátek je v České republi... | 2016 (2015–2017) | 0 | |
| 9. | Jak se jmenuje pohanský svátek... | D | 0 | |
| 10. | Australané nejsou vzhledem k t... | bandikut (králíkovitý) | 0 |